000
00318nam a2200109Ia 4500
008
200302s9999 xx 000 0 und d
100
_a
M. G. Shah & Other
245
_a
Building Drawing with an Integrated Approach to Built Environment 4th ed.
260
_b
Tata Mcgraw-Hill Co. Inc.
260
_c
2002
300
_a
404 P.,
999
_c
1495
_d
1495